P. kairaliyude kavyagopuram/ (Record no. 182060)
[ view plain ]
| 000 -LEADER | |
|---|---|
| fixed length control field | 00461nam a2200169 4500 |
| 020 ## - INTERNATIONAL STANDARD BOOK NUMBER | |
| ISBN | 9789348164674 |
| 082 ## - DEWEY DECIMAL CLASSIFICATION NUMBER | |
| Classification number | M100 7 |
| Item number | JAI/P |
| 100 ## - MAIN ENTRY--AUTHOR NAME | |
| Personal name | Jaisymol Augustine |
| 245 ## - TITLE STATEMENT | |
| Title | P. kairaliyude kavyagopuram/ |
| Statement of responsibility, etc | by Jaisymol Augustine |
| 260 ## - PUBLICATION, DISTRIBUTION, ETC. (IMPRINT) | |
| Place of publication | S.L.: |
| Name of publisher | Jaisymol Augustine, |
| Year of publication | 2025. |
| 300 ## - PHYSICAL DESCRIPTION | |
| Number of Pages | 104p. |
| 650 ## - SUBJECT ADDED ENTRY--TOPICAL TERM | |
| Topical Term | Poetry P Kunjiraman Nair Study |
| 650 ## - SUBJECT ADDED ENTRY--TOPICAL TERM | |
| Topical Term | Poetry Malayalam Study |
| 650 ## - SUBJECT ADDED ENTRY--TOPICAL TERM | |
| Topical Term | Literature Malayalam |
| 650 ## - SUBJECT ADDED ENTRY--TOPICAL TERM | |
| Topical Term | Literature |
| 942 ## - ADDED ENTRY ELEMENTS (KOHA) | |
| Koha item type | Book |
| Withdrawn status | Lost status | Damaged status | Not for loan | Permanent Location | Current Location | Shelving location | Date acquired | Cost, normal purchase price | Full call number | Accession Number | Price effective from | Koha item type |
|---|---|---|---|---|---|---|---|---|---|---|---|---|
| Sree Sankaracharya University of Sanskrit | Sree Sankaracharya University of Sanskrit | Stacks | 04.06.2026 | 160.00 | M100 7 JAI/P | 109142 | 04.06.2026 | Book |